| Tag |
First Indicator |
Second Indicator |
Subfields |
| LEADER |
00000cam a22000008a 4500 |
| 001 |
in00000035268 |
| 005 |
20151007055341.0 |
| 008 |
871013s1988 nyua 00110 eng |
| 010 |
|
|
|a 87028266
|
| 020 |
|
|
|a 0195045386 (alk. paper)
|
| 035 |
|
|
|a (OCoLC)16922951
|
| 035 |
|
|
|9 AAB7975AM
|
| 040 |
|
|
|a DLC
|c DLC
|d OCL
|d TXA
|d UtOrBLW
|
| 049 |
|
|
|a TXAM
|c [A11115742]
|
| 050 |
0 |
0 |
|a PE1408
|b .K2728 1988
|
| 082 |
0 |
|
|a 808/.042
|2 19
|
| 100 |
1 |
|
|a Kane, Thomas S.
|
| 245 |
1 |
4 |
|a The new Oxford guide to writing /
|c Thomas S. Kane.
|
| 263 |
|
|
|a 8804
|
| 264 |
|
1 |
|a New York :
|b Oxford University Press,
|c 1988.
|
| 300 |
|
|
|a viii, 327 pages :
|b illustrations
|
| 336 |
|
|
|a text
|b txt
|2 rdacontent
|
| 337 |
|
|
|a unmediated
|b n
|2 rdamedia
|
| 338 |
|
|
|a volume
|b nc
|2 rdacarrier
|
| 500 |
|
|
|a Includes index.
|
| 650 |
|
0 |
|a English language
|x Rhetoric.
|
| 650 |
|
0 |
|a English language
|x Grammar.
|
| 999 |
|
|
|a MARS
|
| 999 |
f |
f |
|s 4f2cd47c-2703-3952-8bc7-445631ce5880
|i 501bad01-2865-3ca0-9c27-fa5a239609ab
|t 0
|
| 952 |
f |
f |
|p normal
|a Texas A&M University
|b College Station
|c Sterling C. Evans Library
|s Evans stk
|d Evans: Library Stacks
|t 0
|e PE1408 .K2728 1988
|h Library of Congress classification
|i unmediated -- volume
|m A14819782145
|
| 998 |
f |
f |
|a PE1408 .K2728 1988
|t 0
|l Evans: Library Stacks
|